Club de Serie A sans voyelles - Statistiques

Statistiques générales
  • Ce quiz a été pris 69 fois
  • Le résultat moyen est 12 sur 20
Statistiques - réponses
Indices Club % Correct
C MLN AC Milan
92%
JVNTS TRN Juventus Turin
90%
NTR MLN Inter Milan
88%
BLGN FC Bologne FC
87%
TLNT BRGM Atalanta Bergame
80%
SSC NPLS SSC Naples
80%
SS LZ SS Lazio
77%
S RM AS Rome
75%
HLLS VRN FC Hellas Vérone FC
75%
US LCC US Lecce
73%
GN CFC Genoa CFC
72%
TRN FC Torino FC
70%
CM 1907 Côme 1907
58%
CGLR CLC Cagliari Calcio
43%
PRM CLC Parme Calcio
40%
PS SC Pisa SC
38%
CF FRNTN ACF Fiorentina
37%
S CRMNS US Cremonese
27%
S SSSL US Sassuolo
20%
DNS CLC Udinese Calcio
18%
Aucun quiz correspondant
Distribution des résultats
% des personnes avec chaque résultat
Percentile par nombre de réponses
Votre historique - résultats
Vous n’avez pas pris ce quiz